000
00302nam a2200109 a 4500
005
20140414132112.0
008
110805s19uu xx 00 eng d
050
_a
REF 899.211
_b
M59 2006
245
_a
Questions Answer :
_b
The miles kelly book.
260
_a
China :
_b
Miles Kelly,
_c
2006.
999
_c
114800
_d
114800